| 000 -LEADER |
| fixed length control field |
00530pam a2200181 a 4500 |
| 020 ## - INTERNATIONAL STANDARD BOOK NUMBER |
| ISBN |
9781111829537 (pbk.) : |
| 020 ## - INTERNATIONAL STANDARD BOOK NUMBER |
| ISBN |
1111829535 (pbk.) : |
| 082 04 - DEWEY DECIMAL CLASSIFICATION NUMBER |
| Classification number |
302.23 |
| Item number |
SHI/M |
| 100 1# - MAIN ENTRY--AUTHOR NAME |
| Personal name |
Shirley Biagi |
| 245 10 - TITLE STATEMENT |
| Title |
Media/impact: |
| Sub Title |
an introduction to mass media/ |
| Statement of responsibility, etc |
by Shirley Biagi |
| 250 ## - EDITION STATEMENT |
| Edition statement |
10th ed., International ed. |
| 260 ## - PUBLICATION, DISTRIBUTION, ETC. (IMPRINT) |
| Place of publication |
United Kingdom : |
| Name of publisher |
Wadswort/Cengage Learning, |
| Year of publication |
2012. |
| 300 ## - PHYSICAL DESCRIPTION |
| Number of Pages |
xxxiv, 430 p. : |
| Other physical details |
ill. ; |
| 500 ## - GENERAL NOTE |
| General note |
Formerly CIP. |
| 650 #0 - SUBJECT ADDED ENTRY--TOPICAL TERM |
| Topical Term |
Mass Media |
| 650 #0 - SUBJECT ADDED ENTRY--TOPICAL TERM |
| Topical Term |
Social Sciences |
| 942 ## - ADDED ENTRY ELEMENTS (KOHA) |
| Koha item type |
Book |